Suomalaiset poliitikot - Kuvavisa #7 - Statistics

Yleistilastot
  • Tätä visaa on pelattu 172 kertaa
  • Keskiarvotulos 6 / 12
Vastaustilastot
Kuvavisa Vastaus % Oikein
Hjallis Harkimo
98%
Carl Gustav Emil Mannerheim
95%
Olli Rehn
60%
Merja Kyllönen
48%
Veikko Vennamo
48%
Silvia Modig
43%
Liisa Jaakonsaari
35%
Mitro Repo
34%
Lauri Ihalainen
33%
Outi Ojala
23%
Jan-Erik Enestam
22%
Tarja Cronberg
17%
Ehtoja vastaavia visoja ei löytynyt
Tulosjakauma
Jokaisen tuloksen saaneiden osuus
Persentiili vastausten määrän mukaan
Tuloshistoriasi
Et ole pelannut tätä visaa